Je vendrais père et mère pour obtenir une étoile (second degré) - Statistiques

Statistiques générales
  • Ce quiz a été pris 31 fois
    29 depuis la dernière actualisation
  • Le résultat moyen est 5 sur 9
Statistiques - réponses
Hint Réponse % Correct
vendrais Verbe
96%
et Conjonction de coordination
78%
obtenir Verbe
74%
Je Pronom personnel
67%
père Nom masculin
56%
mère Nom féminin
52%
étoile Nom féminin
44%
pour Préposition
44%
une Adjectif numéral cardinal
0%
Aucun quiz correspondant
Distribution des résultats
% des personnes avec chaque résultat
Percentile par nombre de réponses
Votre historique - résultats
Vous n’avez pas pris ce quiz depuis la dernière actualisation